Statistiques concernant Tous les buteurs de la Coupe du Monde 2022

Cliquez ici pour prendre le quiz!

Statistiques générales

  • Ce quiz a été pris 140 fois
  • Le résultat moyen est 78 sur 171

Statistiques - réponses

PhaseMatchsScoresEquipesButeurs% Correct
France 118'Kylian Mbappé
96%
France 90+1'Kylian Mbappé
96%
France / Danemark2 - 1France 61'Kylian Mbappé
96%
France 86'Kylian Mbappé
96%
France 74'Kylian Mbappé
96%
France 68'Kylian Mbappé
96%
France 81'Kylian Mbappé
96%
France 80'Kylian Mbappé
96%
Demi-finalesArgentine / Croatie3 - 0Argentine 34'Lionel Messi
92%
Argentine 73'Lionel Messi
92%
Groupe CArgentine / Arabie Saoudite1 - 2Argentine 10'Lionel Messi
92%
FinaleArgentine / France3 - 3
(4-2)
Argentine 23'Lionel Messi
92%
Argentine / Australie2 - 1Argentine 35'Lionel Messi
92%
Argentine / Mexique2 - 0Argentine 64'Lionel Messi
92%
Argentine 108'Lionel Messi
92%
France 78'Olivier Giroud
90%
France 32'Olivier Giroud
90%
France / Pologne3 - 1France 44'Olivier Giroud
90%
France 71'Olivier Giroud
90%
Angleterre 54'Harry Kane
89%
Angleterre 45+3'Harry Kane
89%
Angleterre / France1 - 2France 17'Aurélien Tchouameni
79%
Pologne 90+9'Robert Lewandowski
76%
Pologne 82'Robert Lewandowski
76%
Equateur 31'Enner Valencia
75%
Groupe AQatar / Equateur0 - 2Equateur 16'Enner Valencia
75%
Equateur 49'Enner Valencia
75%
Argentine 36'Angel Di Maria
74%
Groupe HPortugal / Ghana3 - 2Portugal 65'Cristiano Ronaldo
74%
France 79'Randal Kolo Muani
73%
Quart de finaleCroatie / Brésil1 - 1
(4-2)
Brésil 105+1'Neymar
72%
Brésil 13'Neymar
72%
France / Maroc2 - 0France 5'Théo Hernandez
71%
Argentine 57'Julián Álvarez
69%
Argentine 39'Julián Álvarez
69%
Argentine 69'Julián Álvarez
69%
Argentine 67'Julián Álvarez
69%
France 27'Adrien Rabiot
67%
Huitième de finalePays-Bas / USA3 - 1Pays-Bas 10'Memphis Depay
67%
Angleterre 57'Bukayo Saka
63%
Angleterre 62'Bukayo Saka
63%
Angleterre 43'Bukayo Saka
63%
Sénégal / Pays-Bas0 - 2Pays-Bas 84'Cody Gakpo
62%
Pays-Bas / Equateur1 - 1Pays-Bas 6'Cody Gakpo
62%
Pays-Bas / Qatar2 - 0Pays-Bas 26'Cody Gakpo
62%
Espagne 74'Gavi
62%
Portugal / Suisse6 - 1Portugal 17'Gonçalo Ramos
62%
Portugal 51'Gonçalo Ramos
62%
Portugal 55'Gonçalo Ramos
62%
Pays de Galles / Angleterre0 - 3Angleterre 50'Marcus Rashford
61%
Angleterre 71'Marcus Rashford
61%
Angleterre 68'Marcus Rashford
61%
Angleterre 51'Phil Foden
61%
Espagne / Allemagne1 - 1Espagne 62'Alvaro Morata
60%
Espagne 90+2'Alvaro Morata
60%
Japon / Espagne2 - 1Espagne 11'Alvaro Morata
60%
Brésil 29'Richarlison
60%
Brésil 73'Richarlison
60%
Brésil / Serbie2 - 0Brésil 62'Richarlison
60%
Pays de Galles 82'Gareth Bale
58%
Iran / USA0 - 1USA 38'Christian Pulisic
54%
Iran 65'Mehdi Taremi
53%
Iran 90+13'Mehdi Taremi
53%
Groupe BAngleterre / Iran6 - 2Angleterre 35'Jude Bellingham
52%
Croatie / Canada4 - 1Canada 2'Alphonso Davies
50%
Australie 77' (csc)Enzo Fernández
50%
Argentine 87'Enzo Fernández
50%
Pays-Bas 90+11'Wout Weghorst
50%
Pays-Bas 83'Wout Weghorst
50%
Cameroun / Brésil1 - 0Cameroun 90+2'Vincent Aboubakar
49%
Cameroun 63'Vincent Aboubakar
49%
Canada / Maroc1 - 2Maroc 4'Hakim Ziyech
48%
USA / Pays de Galles1 - 1USA 36'Timothy Weah
46%
Qatar / Sénégal1 - 3Sénégal 41'Boulaye Dia
45%
Angleterre 90'Jack Grealish
45%
Tunisie / France1 - 0Tunisie 58'Wahbi Khazri
45%
Maroc 23'Youssef En-Nesyri
45%
Maroc / Portugal1 - 0Maroc 42'Youssef En-Nesyri
45%
Portugal / Uruguay2 - 0Portugal 54'Bruno Fernandes
44%
Portugal 90+3'Bruno Fernandes
44%
Espagne 54'Ferran Torres
44%
Espagne 31'Ferran Torres
44%
Pays-Bas 49'Frenkie de Jong
44%
Croatie 55'Ivan Perisic
44%
Portugal 90+2'Rafael Leão
44%
Portugal 80'Rafael Leão
44%
Suisse 44'Breel Embolo
42%
Groupe GSuisse / Cameroun1 - 0Suisse 48'Breel Embolo
42%
Corée du Sud 58'Cho Gue-sung
42%
Corée du Sud 61'Cho Gue-sung
42%
Brésil / Corée du Sud4 - 1Brésil 7'Vinícius Júnior
42%
Brésil 36'Lucas Paquetá
40%
Croatie 36'Andrej Kramaric
39%
Croatie 70'Andrej Kramaric
39%
Arabie Saoudite / Mexique1 - 2Mexique 47'Henry Martin
39%
Equateur / Sénégal1 - 2Sénégal 44'Ismaïla Sarr
39%
Allemagne 85'Kai Havertz
39%
Allemagne 73'Kai Havertz
39%
Angleterre 45+1'Raheem Sterling
39%
Serbie 53'Aleksandar Mitrovic
37%
Serbie 26'Aleksandar Mitrovic
37%
Portugal 78'João Félix
37%
SénégalKalidou Koulibaly
36%
Serbie / Suisse2 - 3Suisse 20'Xherdan Shaqiri
36%
Ghana 73'André Ayew
34%
Corée du Sud 27'Kim Young-gwon
34%
Allemagne 89'Niclas Füllkrug
34%
Allemagne 83'Niclas Füllkrug
34%
Espagne / Costa Rica7 - 0Espagne 11'Dani Olmo
33%
Groupe EAllemagne / Japon1 - 2Allemagne 33'İlkay Gündoğan
33%
Match pour la 3ème placeCroatie / Maroc2 - 1Croatie 7'Joško Gvardiol
32%
Pologne / Argentine0 - 2Argentine 46'Alexis Mac Allister
31%
Croatie 42'Mislav Orsic
31%
Costa Rica / Allemagne2 - 4Allemagne 10'Serge Gnabry
31%
Pays-Bas / Argentine2 - 2
(3-4)
Argentine 35'Nahuel Molina
30%
Portugal 33'Pepe
30%
Danemark 68'Andreas Christensen
29%
Croatie 117'Bruno Petkovic
29%
Angleterre / Sénégal3 - 0Angleterre 39'Jordan Henderson
29%
Serbie 35'Dusan Vlahovic
28%
Pays-Bas 81'Denzel Dumfries
27%
Espagne 21'Marco Asensio
27%
Cameroun 66'Eric Choupo-Moting
26%
Groupe FBelgique / Canada1 - 0Belgique 44'Michy Batshuayi
25%
Pologne / Arabie Saoudite2 - 0Pologne 39'Piotr Zieliński
25%
Sénégal 84'Bamba Dieng
24%
Pays-Bas 90+9'Davy Klassen
24%
Ghana 68'Mohammed Kudus
24%
Ghana 34'Mohammed Kudus
24%
Pays-Bas 45+1'Daley Blind
23%
Equateur 67'Moisés Caicedo
23%
Belgique Maroc0 - 2Maroc 73'Romain Saïss
23%
Canada 40' (csc)Nayef Aguerd
22%
Arabie Saoudite 53'Salem Al-Dawsari
22%
Arabie saoudite 90+5'Salem Al-Dawsari
22%
Serbie 45+3'Sergej Milinkovic-Savic
21%
Espagne 90'Carlos Soler
20%
Japon 48'Ritsu Doan
20%
Japon 75'Ritsu Doan
20%
Maroc 9'Achraf Dari
19%
Suisse 58'Manuel Akanji
19%
Groupe DFrance / Australie4 - 1Australie 9'Craig Goodwin
18%
Maroc 90+2'Zakaria Aboukhlal
18%
Croatie 90+4'Lovro Majer
17%
Corée du Sud 76'Paik Seung-ho
17%
Croatie 44'Marko Livaja
16%
Corée du Sud 90+1'Hwang Hee-chan
15%
Japon / Croatie1 - 1
(1-3)
Japon 43'Daizen Maeda
13%
Mexique 52'Luis Chavez
13%
Qatar 78'Mohammed Muntari
13%
Portugal 67'Raphaël Guerreiro
13%
Tunisie / Australie0 - 1Australie 23'Mitchell Duke
12%
Uruguay 32'Giorgian De Arrascaeta
11%
Ghana / Uruguay0 - 2Uruguay 26'Giorgian De Arrascaeta
11%
Australie / Danemark1 - 0Australie 60'Mathew Leckie
11%
Corée du Sud / Ghana2 - 3Ghana 24'Mohammed Salisu
11%
Corée du Sud / Portugal2 - 1Portugal 5'Ricardo Horta
10%
Sénégal 48'Famara Diedhiou
9%
USA 76'Haji Wright
9%
Ghana 89'Osman Bukari
9%
Suisse 48'Remo Freuler
9%
Cameroun / Serbie3 - 3Cameroun 29'Jean-Charles Castelletto
8%
Serbie 45+1'Strahinja Pavlovic
8%
Japon 83'Takuma Asano
8%
Japon / Costa Rica0 - 1Costa Rica 81'Keysher Fuller
7%
Costa Rica 58'Yeltsin Tejeda
7%
Japon 51'Ao Tanaka
6%
Costa Rica 70'Juan Pablo Vargas
6%
Arabie Saoudite 48'Saleh Al-Shehri
6%
Iran 90+11'Ramin Rezaeian
4%
Pays de Galles / Iran0 - 2Iran 90+8'Rouzbeh Cheshmi
4%

Distribution des résultats

Percentile par nombre de réponses

% des personnes avec chaque résultat

Votre développement - résultats

Vous n’avez pas pris ce quiz